| 000 | 01077nam a22002657a 4500 | ||
|---|---|---|---|
| 001 | 7473 | ||
| 003 | FISKH | ||
| 005 | 20250718110541.0 | ||
| 008 | 250718b cb ||||| |||| 00| 0 eng d | ||
| 020 | _a9780448449760 | ||
| 040 |
_aFISKH _beng _cFISKH _dFISKH |
||
| 050 | _aPZ7.P936453 | ||
| 082 | _a309.2 | ||
| 100 | _aSantomero , Angela | ||
| 245 |
_aThe princess and the pea / _cBy Angela Santomero |
||
| 260 |
_aNew York : _bGrosset & Dunlop , _c2008. |
||
| 300 |
_a24 unnumbered pages : _bcolor illustrations ; _c21 cm. |
||
| 505 | _aK | ||
| 520 | _aPrincess Pea is nervous about passing her Princess Test, so the Super Readers soar into the story aThe Princess and the Peaa and meet another Princess who uses quick thinking to pass her test. Along the way readers will learn a lesson about trying your best, practice the alphabet, rhyme with a-inka words, and use the power to read to change the story. | ||
| 521 | 8 |
_a510
_bLexile estimate |
|
| 521 | 8 |
_aK
_bRaz-Plus |
|
| 650 |
_aChildren's _vFairy tale |
||
| 942 |
_2ddc _cBK _n0 |
||
| 999 |
_c7473 _d7473 |
||